Welcome to CU Library Online Public Access Catalogue (OPAC)

Depression / (Record no. 3634)

MARC details
000 -LEADER
fixed length control field 00600pam a2200217 a 4500
001 - CONTROL NUMBER
control field 1388247
005 - DATE AND TIME OF LATEST TRANSACTION
control field 20250208090209.0
008 - FIXED-LENGTH DATA ELEMENTS--GENERAL INFORMATION
fixed length control field 820629s1982 nyua j b 000 0 eng
020 ## - INTERNATIONAL STANDARD BOOK NUMBER
International Standard Book Number 0531044963
050 00 - LIBRARY OF CONGRESS CALL NUMBER
Classification number RC537
Item number .O47 1982
082 00 - DEWEY DECIMAL CLASSIFICATION NUMBER
Classification number 616.85/27
Edition information 19
100 1# - MAIN ENTRY--PERSONAL NAME
Personal name Olshan, Neal H.
245 10 - TITLE STATEMENT
Title Depression /
Statement of responsibility, etc. Neal H. Olshan.
260 ## - PUBLICATION, DISTRIBUTION, ETC.
Place of publication, distribution, etc. New York :
Name of publisher, distributor, etc. Franklin Watts,
Date of publication, distribution, etc. 1982.
300 ## - PHYSICAL DESCRIPTION
Extent 119 p. :
Other physical details ill. ;
Dimensions 25 cm.
500 ## - GENERAL NOTE
General note Includes index.
650 #0 - SUBJECT ADDED ENTRY--TOPICAL TERM
Topical term or geographic name entry element Depression, Mental
General subdivision Juvenile literature.
650 #1 - SUBJECT ADDED ENTRY--TOPICAL TERM
Topical term or geographic name entry element Depression, Mental.
650 #1 - SUBJECT ADDED ENTRY--TOPICAL TERM
Topical term or geographic name entry element Mental illness.
942 ## - ADDED ENTRY ELEMENTS (KOHA)
Source of classification or shelving scheme Library of Congress Classification
Koha item type Books
Suppress in OPAC No
999 ## -
-- 3634
-- 3634
Holdings
Withdrawn status Lost status Source of classification or shelving scheme Damaged status Not for loan Collection Home library Current library Shelving location Date acquired Total checkouts Full call number Barcode Date last seen Copy number Price effective from Koha item type
    Library of Congress Classification     Non-fiction Science Library (Miotso) Science Library (Miotso) General stacks 02/08/2025   RC537 .O47 OLS SLM00003155 02/08/2025 1 02/08/2025 Books
© 2023-2024 Copyright: Central University Libraries. All Rights Reserved | Created by: Mahone Tech Office